| 000 -LEADER | |
|---|---|
| fixed length control field | 00393nam a22001697a 4500 |
| 005 - DATE AND TIME OF LATEST TRANSACTION | |
| control field | 20160629143915.0 |
| 008 - FIXED-LENGTH DATA ELEMENTS--GENERAL INFORMATION | |
| fixed length control field | 160629b xxu||||| |||| 00| 0 eng d |
| 020 ## - INTERNATIONAL STANDARD BOOK NUMBER | |
| ISBN | 81-85749-51-5 |
| 041 ## - LANGUAGE CODE | |
| Language code of text/sound track or separate title | eng |
| 082 ## - DEWEY DECIMAL CLASSIFICATION NUMBER | |
| Item number | 14986 |
| 100 ## - MAIN ENTRY--AUTHOR NAME | |
| Personal name | Verma, A P |
| 245 ## - TITLE STATEMENT | |
| Title | Machine Design |
| 260 ## - PUBLICATION, DISTRIBUTION, ETC. (IMPRINT) | |
| Name of publisher | S.K. Kataria & Sons |
| Year of publication | 2012 |
| 300 ## - PHYSICAL DESCRIPTION | |
| Number of Pages | 460 |
| 650 ## - SUBJECT ADDED ENTRY--TOPICAL TERM | |
| Topical Term | Diploma Engineering |
| 942 ## - ADDED ENTRY ELEMENTS (KOHA) | |
| Koha item type | Books |
| Lost status | Damaged status | Home library | Current library | Shelving location | Date acquired | Cost, normal purchase price | Full call number | Accession Number | Koha item type | Collection code | Source of acquisition |
|---|---|---|---|---|---|---|---|---|---|---|---|
| JRU Library | SHELF-47-H | 29/06/2016 | 165.00 | 14986 | 14986 | Books | |||||
| JRU Library | 29/06/2016 | 165.00 | 14986 | 14987 | Books | ||||||
| JRU Library | SHELF-47-I | 29/06/2016 | 165.00 | 14986 | 14988 | Books | |||||
| JRU Library | SHELF-47-I | 29/06/2016 | 165.00 | 14986 | 14989 | Books | |||||
| JRU Library | 29/06/2016 | 165.00 | 14986 | 14990 | Books | ||||||
| JRU Library | 29/06/2016 | 165.00 | 14986 | 14991 | Books | ||||||
| JRU Library | SHELF-47-H | 29/06/2016 | 165.00 | 14986 | 14992 | Books | |||||
| JRU Library | SHELF-47-I | 29/06/2016 | 165.00 | 14986 | 14993 | Books | |||||
| JRU Library | SHELF-47-I | 29/06/2016 | 165.00 | 14986 | 14994 | Books | |||||
| JRU Library | 29/06/2016 | 165.00 | 14986 | 14995 | Books | ||||||
| JRU Library | 29/06/2016 | 165.00 | 14986 | 14996 | Books | ||||||
| JRU Library | 29/06/2016 | 165.00 | 14986 | 14997 | Books | ||||||
| JRU Library | 29/06/2016 | 165.00 | 14986 | 14998 | Books | ||||||
| JRU Library | 29/06/2016 | 165.00 | 14986 | 14999 | Books | ||||||
| JRU Library | 29/06/2016 | 165.00 | 14986 | 15000 | Books | ||||||
| JRU Library | 29/06/2016 | 165.00 | 14986 | 15001 | Books | ||||||
| JRU Library | 29/06/2016 | 165.00 | 14986 | 15002 | Books | ||||||
| JRU Library | SHELF-47-I | 29/06/2016 | 165.00 | 14986 | 15003 | Books | |||||
| JRU Library | SHELF -72- F | 29/06/2016 | 165.00 | 15004 | Books | Reference | PURCHES | ||||
| JRU Library | SHELF-47-H | 29/06/2016 | 165.00 | 14986 | 15005 | Books | |||||
| JRU Library | 29/06/2016 | 165.00 | 14986 | 15006 | Books | ||||||
| JRU Library | 29/06/2016 | 165.00 | 14986 | 15007 | Books | ||||||
| JRU Library | SHELF-47-H | 29/06/2016 | 165.00 | 14986 | 15008 | Books | |||||
| JRU Library | SHELF-47-H | 29/06/2016 | 165.00 | 14986 | 15009 | Books | |||||
| JRU Library | SHELF-47-H | 29/06/2016 | 165.00 | 14986 | 15010 | Books | |||||
| JRU Library | 29/06/2016 | 165.00 | 14986 | 15011 | Books | ||||||
| JRU Library | SHELF-47-I | 29/06/2016 | 165.00 | 14986 | 15012 | Books | |||||
| JRU Library | SHELF-47-I | 29/06/2016 | 165.00 | 14986 | 15013 | Books | |||||
| JRU Library | 29/06/2016 | 165.00 | 14986 | 15014 | Books | ||||||
| JRU Library | 29/06/2016 | 165.00 | 14986 | 15015 | Books | ||||||
| JRU Library | 29/06/2016 | 165.00 | 14986 | 15016 | Books | ||||||
| JRU Library | 29/06/2016 | 165.00 | 14986 | 15017 | Books | ||||||
| JRU Library | SHELF-47-I | 29/06/2016 | 165.00 | 14986 | 15018 | Books | |||||
| JRU Library | SHELF-47-I | 29/06/2016 | 165.00 | 14986 | 15019 | Books | |||||
| JRU Library | SHELF-47-H | 29/06/2016 | 165.00 | 14986 | 15020 | Books | |||||
| JRU Library | 29/06/2016 | 165.00 | 14986 | 15021 | Books | ||||||
| JRU Library | 29/06/2016 | 165.00 | 14986 | 15022 | Books | ||||||
| JRU Library | 29/06/2016 | 165.00 | 14986 | 15023 | Books | ||||||
| JRU Library | 29/06/2016 | 165.00 | 14986 | 15024 | Books | ||||||
| JRU Library | 29/06/2016 | 165.00 | 14986 | 15025 | Books | ||||||
| JRU Library | 29/06/2016 | 165.00 | 14986 | 15026 | Books | ||||||
| JRU Library | SHELF-47-I | 29/06/2016 | 165.00 | 14986 | 15027 | Books | |||||
| JRU Library | SHELF-47-H | 29/06/2016 | 165.00 | 14986 | 15028 | Books | |||||
| JRU Library | SHELF-47-H | 29/06/2016 | 165.00 | 14986 | 15029 | Books | |||||
| JRU Library | SHELF-47-H | 29/06/2016 | 165.00 | 14986 | 15030 | Books | |||||
| JRU Library | 29/06/2016 | 165.00 | 14986 | 15031 | Books | ||||||
| JRU Library | 29/06/2016 | 165.00 | 14986 | 15032 | Books | ||||||
| JRU Library | SHELF-47-H | 29/06/2016 | 165.00 | 14986 | 15033 | Books | |||||
| JRU Library | 29/06/2016 | 165.00 | 14986 | 15034 | Books | ||||||
| JRU Library | 29/06/2016 | 165.00 | 14986 | 15035 | Books | ||||||
| JRU Library | 29/06/2016 | 165.00 | 14986 | 15036 | Books | ||||||
| JRU Library | SHELF-47-H | 29/06/2016 | 165.00 | 14986 | 15037 | Books | |||||
| JRU Library | 29/06/2016 | 165.00 | 14986 | 15038 | Books | ||||||
| JRU Library | 29/06/2016 | 165.00 | 14986 | 15039 | Books | ||||||
| JRU Library | 29/06/2016 | 165.00 | 14986 | 15040 | Books | ||||||
| JRU Library | 29/06/2016 | 165.00 | 14986 | 15041 | Books | ||||||
| JRU Library | 29/06/2016 | 165.00 | 14986 | 15042 | Books | ||||||
| JRU Library | 29/06/2016 | 165.00 | 14986 | 15043 | Books | ||||||
| JRU Library | 29/06/2016 | 165.00 | 14986 | 15044 | Books | ||||||
| JRU Library | 29/06/2016 | 165.00 | 14986 | 15045 | Books | ||||||
| JRU Library | 29/06/2016 | 165.00 | 14986 | 15046 | Books | ||||||
| JRU Library | SHELF-47-H | 29/06/2016 | 165.00 | 14986 | 15047 | Books | |||||
| JRU Library | SHELF-47-I | 29/06/2016 | 165.00 | 14986 | 15048 | Books | |||||
| JRU Library | SHELF-47-I | 29/06/2016 | 165.00 | 14986 | 15049 | Books | |||||
| JRU Library | 29/06/2016 | 165.00 | 14986 | 15050 | Books | ||||||
| JRU Library | 29/06/2016 | 165.00 | 14986 | 15051 | Books | ||||||
| JRU Library | SHELF-47-H | 29/06/2016 | 165.00 | 14986 | 15052 | Books | |||||
| JRU Library | 29/06/2016 | 165.00 | 14986 | 15053 | Books | ||||||
| JRU Library | 29/06/2016 | 165.00 | 14986 | 15054 | Books | ||||||
| JRU Library | 29/06/2016 | 165.00 | 14986 | 15055 | Books | ||||||
| JRU Library | 29/06/2016 | 165.00 | 14986 | 15056 | Books | ||||||
| JRU Library | 29/06/2016 | 165.00 | 14986 | 15057 | Books | ||||||
| JRU Library | 29/06/2016 | 165.00 | 14986 | 15058 | Books | ||||||
| JRU Library | 29/06/2016 | 165.00 | 14986 | 15059 | Books | ||||||
| JRU Library | 29/06/2016 | 165.00 | 14986 | 15060 | Books | ||||||
| JRU Library | 29/06/2016 | 165.00 | 14986 | 15061 | Books | ||||||
| JRU Library | 29/06/2016 | 165.00 | 14986 | 15062 | Books | ||||||
| JRU Library | SHELF-47-H | 29/06/2016 | 165.00 | 14986 | 15063 | Books | |||||
| JRU Library | SHELF-47-I | 29/06/2016 | 165.00 | 14986 | 15064 | Books | |||||
| JRU Library | 29/06/2016 | 165.00 | 14986 | 15065 | Books | ||||||
| JRU Library | SHELF-47-H | 29/06/2016 | 165.00 | 14986 | 15066 | Books | |||||
| JRU Library | 29/06/2016 | 165.00 | 14986 | 15067 | Books | ||||||
| JRU Library | 29/06/2016 | 165.00 | 14986 | 15068 | Books | ||||||
| JRU Library | 29/06/2016 | 165.00 | 14986 | 15069 | Books | ||||||
| JRU Library | SHELF-47-I | 29/06/2016 | 165.00 | 14986 | 15070 | Books | |||||
| JRU Library | SHELF-47-H | 29/06/2016 | 165.00 | 14986 | 15071 | Books | |||||
| JRU Library | SHELF-47-I | 29/06/2016 | 165.00 | 14986 | 15072 | Books | |||||
| JRU Library | 29/06/2016 | 165.00 | 14986 | 15073 | Books | ||||||
| JRU Library | 29/06/2016 | 165.00 | 14986 | 15074 | Books | ||||||
| JRU Library | 29/06/2016 | 165.00 | 14986 | 15075 | Books | ||||||
| JRU Library | 29/06/2016 | 165.00 | 14986 | 15076 | Books | ||||||
| JRU Library | 29/06/2016 | 165.00 | 14986 | 15077 | Books | ||||||
| JRU Library | 29/06/2016 | 165.00 | 14986 | 15078 | Books | ||||||
| JRU Library | 29/06/2016 | 165.00 | 14986 | 15079 | Books | ||||||
| JRU Library | 29/06/2016 | 165.00 | 14986 | 15080 | Books | ||||||
| JRU Library | SHELF-47-H | 29/06/2016 | 165.00 | 14986 | 15081 | Books | |||||
| JRU Library | SHELF-47-H | 29/06/2016 | 165.00 | 14986 | 15082 | Books | |||||
| JRU Library | SHELF-47-H | 29/06/2016 | 165.00 | 14986 | 15083 | Books | |||||
| JRU Library | 29/06/2016 | 165.00 | 14986 | 15084 | Books | ||||||
| JRU Library | SHELF-47-I | 29/06/2016 | 165.00 | 14986 | 15085 | Books | |||||
| JRU Library | SHELF-47-H | 29/06/2016 | 165.00 | 14986 | 15086 | Books | |||||
| JRU Library | SHELF-47-I | 29/06/2016 | 165.00 | 14986 | 15087 | Books | |||||
| JRU Library | 29/06/2016 | 165.00 | 14986 | 15088 | Books | ||||||
| JRU Library | 29/06/2016 | 165.00 | 14986 | 15089 | Books | ||||||
| JRU Library | SHELF-47-I | 29/06/2016 | 165.00 | 14986 | 15090 | Books | |||||
| JRU Library | 29/06/2016 | 165.00 | 14986 | 15091 | Books | ||||||
| JRU Library | SHELF-47-H | 29/06/2016 | 165.00 | 14986 | 15092 | Books | |||||
| JRU Library | 29/06/2016 | 165.00 | 14986 | 15093 | Books | ||||||
| JRU Library | SHELF-47-I | 29/06/2016 | 165.00 | 14986 | 15094 | Books | |||||
| JRU Library | SHELF-47-I | 29/06/2016 | 165.00 | 14986 | 15095 | Books | |||||
| JRU Library | SHELF-47-H | 29/06/2016 | 165.00 | 14986 | 15096 | Books | |||||
| JRU Library | 29/06/2016 | 165.00 | 14986 | 15097 | Books | ||||||
| JRU Library | SHELF-47-I | 29/06/2016 | 165.00 | 14986 | 15098 | Books | |||||
| JRU Library | 29/06/2016 | 165.00 | 14986 | 15099 | Books | ||||||
| JRU Library | SHELF-47-H | 29/06/2016 | 165.00 | 14986 | 15100 | Books | |||||
| JRU Library | SHELF-47-I | 29/06/2016 | 165.00 | 14986 | 15101 | Books | |||||
| JRU Library | SHELF-47-H | 29/06/2016 | 165.00 | 14986 | 15102 | Books | |||||
| JRU Library | 29/06/2016 | 165.00 | 14986 | 15103 | Books | ||||||
| JRU Library | SHELF-47-H | 29/06/2016 | 165.00 | 14986 | 15104 | Books | |||||
| JRU Library | SHELF-47-H | 29/06/2016 | 165.00 | 14986 | 15105 | Books | |||||
| JRU Library | 29/06/2016 | 165.00 | 14986 | 15106 | Books | ||||||
| JRU Library | 29/06/2016 | 165.00 | 14986 | 15107 | Books | ||||||
| JRU Library | SHELF-47-H | 29/06/2016 | 165.00 | 14986 | 15108 | Books | |||||
| JRU Library | 29/06/2016 | 165.00 | 14986 | 15109 | Books | ||||||
| JRU Library | 29/06/2016 | 165.00 | 14986 | 15110 | Books | ||||||
| JRU Library | 29/06/2016 | 165.00 | 14986 | 15111 | Books | ||||||
| JRU Library | 29/06/2016 | 165.00 | 14986 | 15112 | Books | ||||||
| JRU Library | 29/06/2016 | 165.00 | 14986 | 15113 | Books | ||||||
| JRU Library | SHELF-47-I | 29/06/2016 | 165.00 | 14986 | 15114 | Books | |||||
| JRU Library | SHELF-47-H | 29/06/2016 | 165.00 | 14986 | 15115 | Books | |||||
| JRU Library | 29/06/2016 | 165.00 | 14986 | 15116 | Books | ||||||
| JRU Library | 29/06/2016 | 165.00 | 14986 | 15117 | Books | ||||||
| JRU Library | SHELF-47-I | 29/06/2016 | 165.00 | 14986 | 15118 | Books | |||||
| JRU Library | 29/06/2016 | 165.00 | 14986 | 15119 | Books | ||||||
| JRU Library | SHELF-47-I | 29/06/2016 | 165.00 | 14986 | 15120 | Books | |||||
| JRU Library | 29/06/2016 | 165.00 | 14986 | 15121 | Books | ||||||
| JRU Library | SHELF-47-I | 29/06/2016 | 165.00 | 14986 | 15122 | Books | |||||
| JRU Library | 29/06/2016 | 165.00 | 14986 | 15123 | Books | ||||||
| JRU Library | 29/06/2016 | 165.00 | 14986 | 15124 | Books | ||||||
| JRU Library | SHELF-47-H | 29/06/2016 | 165.00 | 14986 | 15125 | Books | |||||
| JRU Library | 29/06/2016 | 165.00 | 14986 | 15126 | Books | ||||||
| JRU Library | SHELF-47-I | 29/06/2016 | 165.00 | 14986 | 15127 | Books | |||||
| JRU Library | 29/06/2016 | 165.00 | 14986 | 15128 | Books | ||||||
| JRU Library | 29/06/2016 | 165.00 | 14986 | 15129 | Books | ||||||
| JRU Library | 29/06/2016 | 165.00 | 14986 | 15130 | Books | ||||||
| JRU Library | SHELF-47-I | 29/06/2016 | 165.00 | 14986 | 15131 | Books | |||||
| JRU Library | SHELF-47-I | 29/06/2016 | 165.00 | 14986 | 15132 | Books | |||||
| JRU Library | SHELF-47-I | 29/06/2016 | 165.00 | 14986 | 15133 | Books | |||||
| JRU Library | 29/06/2016 | 165.00 | 14986 | 15134 | Books | ||||||
| JRU Library | 29/06/2016 | 165.00 | 14986 | 15135 | Books | ||||||
| JRU Library | SHELF-47-H | 29/06/2016 | 165.00 | 14986 | 15136 | Books | |||||
| JRU Library | 29/06/2016 | 165.00 | 14986 | 15137 | Books | ||||||
| JRU Library | 29/06/2016 | 165.00 | 14986 | 15138 | Books | ||||||
| JRU Library | SHELF-47-H | 29/06/2016 | 165.00 | 14986 | 15139 | Books | |||||
| JRU Library | 29/06/2016 | 165.00 | 14986 | 15140 | Books | ||||||
| JRU Library | SHELF-47-I | 29/06/2016 | 165.00 | 14986 | 15141 | Books | |||||
| JRU Library | 29/06/2016 | 165.00 | 14986 | 15142 | Books | ||||||
| JRU Library | JRU Library | SHELF-47-H | 29/06/2016 | 165.00 | 14986 | 15143 | Books | ||||
| JRU Library | 29/06/2016 | 165.00 | 14986 | 15144 | Books | ||||||
| JRU Library | SHELF-47-H | 29/06/2016 | 165.00 | 14986 | 15145 | Books | |||||
| JRU Library | 29/06/2016 | 165.00 | 14986 | 15146 | Books | ||||||
| JRU Library | SHELF-47-H | 29/06/2016 | 165.00 | 14986 | 15147 | Books | |||||
| JRU Library | 29/06/2016 | 165.00 | 14986 | 15148 | Books | ||||||
| JRU Library | 29/06/2016 | 165.00 | 14986 | 15149 | Books | ||||||
| JRU Library | 29/06/2016 | 165.00 | 14986 | 15150 | Books | ||||||
| JRU Library | 29/06/2016 | 165.00 | 14986 | 15151 | Books | ||||||
| JRU Library | SHELF-47-H | 29/06/2016 | 165.00 | 14986 | 15152 | Books | |||||
| JRU Library | 29/06/2016 | 165.00 | 14986 | 15153 | Books | ||||||
| JRU Library | SHELF-47-H | 29/06/2016 | 165.00 | 14986 | 15154 | Books | |||||
| JRU Library | SHELF-47-H | 29/06/2016 | 165.00 | 14986 | 15155 | Books | |||||
| JRU Library | 29/06/2016 | 165.00 | 14986 | 15156 | Books | ||||||
| JRU Library | SHELF-47-I | 29/06/2016 | 165.00 | 14986 | 15157 | Books | |||||
| JRU Library | 29/06/2016 | 165.00 | 14986 | 15158 | Books | ||||||
| JRU Library | 29/06/2016 | 165.00 | 14986 | 15159 | Books | ||||||
| JRU Library | 29/06/2016 | 165.00 | 14986 | 15160 | Books | ||||||
| JRU Library | SHELF-47-I | 29/06/2016 | 165.00 | 14986 | 15161 | Books | |||||
| JRU Library | SHELF-47-H | 29/06/2016 | 165.00 | 14986 | 15162 | Books | |||||
| JRU Library | 29/06/2016 | 165.00 | 14986 | 15163 | Books | ||||||
| JRU Library | SHELF-47-H | 29/06/2016 | 165.00 | 14986 | 15164 | Books | |||||
| JRU Library | 29/06/2016 | 165.00 | 14986 | 15165 | Books | ||||||
| JRU Library | SHELF-47-I | 29/06/2016 | 165.00 | 14986 | 15166 | Books | |||||
| JRU Library | 29/06/2016 | 165.00 | 14986 | 15167 | Books | ||||||
| JRU Library | 29/06/2016 | 165.00 | 14986 | 15168 | Books | ||||||
| JRU Library | SHELF-47-H | 29/06/2016 | 165.00 | 14986 | 15169 | Books | |||||
| JRU Library | 29/06/2016 | 165.00 | 14986 | 15170 | Books | ||||||
| JRU Library | 29/06/2016 | 165.00 | 14986 | 15171 | Books |